Parties of the 2012 US Presidential Election - Statistics

General Stats
  • This quiz has been taken 74 times
  • The average score is 8 of 21
Answer Stats
Candidate Party % Correct
Obama Democrat
100%
Romney Republican
100%
Stein Green
96%
Johnson Libertarian
86%
Alexander Socialist
68%
Harris Socialist Workers
64%
White Socialist Equality
61%
Christensen Constitution
58%
Duncan Independent
57%
Baldwin Reform
28%
Miller American Third Position
24%
Barr Peace & Freedom
24%
Fellure Prohibition
18%
Anderson Justice
14%
Tittle We The People
7%
La Riva Socialism & Liberation
6%
Hoefling America's
3%
Stevens Objectivist
3%
Morstad Constitutional Government
1%
Carlson Grassroots
1%
Boss NSA Did 911
0%
No matching quizzes found
Score Distribution
Percent of People with Each Score
Percentile by Number Answered
Your Score History
You have not taken this quiz